Public administration <the> interdisciplinary study of government
Saved in:
| Main Author: | |
|---|---|
| Format: | Book |
| Language: | English |
| Published: |
New York
Oxford University Press
2011
|
| Subjects: | |
| Tags: |
No Tags, Be the first to tag this record!
|
MARC
| LEADER | 00000nam a2200000 4500 | ||
|---|---|---|---|
| 001 | 0161613 | ||
| 005 | 20230109114825.6 | ||
| 020 | |a 978-0-19-969389-4 | ||
| 041 | 0 | |a eng | |
| 044 | |a US | ||
| 245 | 1 | 0 | |a Public administration |b <the> interdisciplinary study of government |c Jos C. N. Raadschelders |
| 264 | 1 | |a New York |b Oxford University Press |c 2011 | |
| 300 | |a xvi, 263 s. | ||
| 610 | 2 | 0 | |a správa verejná |
| 610 | 2 | 0 | |a samospráva |
| 610 | 2 | 0 | |a administratíva |
| 610 | 2 | 0 | |a vláda |
| 100 | 1 | |a Raadschelders, Jos C. N. | |